Catálogo
 En Linea

Sion : (Registro nro. 25306)

Detalles MARC
000 -CABECERA
campo de control de longitud fija 00620nam a2200169 a 4500
001 - NÚMERO DE CONTROL
campo de control 000025814
005 - FECHA Y HORA DE LA ÚLTIMA TRANSACCIÓN
campo de control 20200930024053.0
008 - DATOS DE LONGITUD FIJA--INFORMACIÓN GENERAL
campo de control de longitud fija 110217s1992 is r 000 | spa d
040 ## - FUENTE DE LA CATALOGACIÓN
Centro catalogador/agencia de origen DO-SdBNP
Lengua de catalogación spa
Centro/agencia transcriptor BNPHU
082 ## - NÚMERO DE LA CLASIFICACIÓN DECIMAL DEWEY
Número de clasificación xxx
Número de documento/Ítem S618r
049 ## - FONDOS LOCALES (OCLC)
Fondos de biblioteca BNGR
245 10 - MENCIÓN DE TÍTULO
Título Sion :
Resto del título rebelion y cumplimiento : dos capitulos del manuscrito inedito de Enrique Fabregat /
Mención de responsabilidad, etc. edición José Luis Najenson; introducción Netanel Lorch.
260 ## - PUBLICACIÓN, DISTRIBUCIÓN, ETC.
Lugar de publicación, distribución, etc. Jerusalem :
Nombre del editor, distribuidor, etc. Instituto Cultural Israel-Ibero America,
Fecha de publicación, distribución, etc. 1992.
300 ## - DESCRIPCIÓN FÍSICA
Extensión 98 p. ;
Dimensiones 20 cm.
700 1# - PUNTO DE ACCESO ADICIONAL--NOMBRE DE PERSONA
Nombre de persona Najenson, José Luis,
Término indicativo de función/relación ed.
9 (RLIN) 52640
700 1# - PUNTO DE ACCESO ADICIONAL--NOMBRE DE PERSONA
Nombre de persona Lorch, Netanel,
Término indicativo de función/relación introd.
9 (RLIN) 52641
Existencias
Estado de retiro Estado de pérdida Restricciones de uso No para préstamo Código de colección Localización permanente Ubicación/localización actual Ubicación en estantería Fecha de adquisición Número de inventario Total de préstamos Signatura topográfica completa Código de barras Fecha visto por última vez Precio válido a partir de Tipo de ítem Koha
      Excluido de préstamo Monografías: Libros y Folletos General General En catalogación 22.02.2011 LF1   xxx S618r 25814-10 25.06.2020 25.06.2020 No se presta

Con tecnología Koha